Advances in nonlinear dynamics and stochastic processes : (Record no. 159059)

MARC details
000 -LEADER
fixed length control field 01006nam a2200277ia 4500
008 - FIXED-LENGTH DATA ELEMENTS--GENERAL INFORMATION
fixed length control field
020 ## - INTERNATIONAL STANDARD BOOK NUMBER
International Standard Book Number 9971500183 (hbk.)
090 ## - LOCALLY ASSIGNED LC-TYPE CALL NUMBER (OCLC); LOCAL CALL NUMBER (RLIN)
Classification number (OCLC) (R) ; Classification number, CALL (RLIN) (NR) QC133
Local cutter number (OCLC) ; Book number/undivided call number, CALL (RLIN) ADV
003 - CONTROL NUMBER IDENTIFIER
control field
005 - DATE AND TIME OF LATEST TRANSACTION
control field 20230123134037.0
040 ## - CATALOGING SOURCE
Transcribing agency NUST
049 ## - LOCAL HOLDINGS (OCLC)
Holding library MAIN
111 2# - MAIN ENTRY--MEETING NAME
Meeting name or jurisdiction name as entry element Meeting on Non Linear Dynamics
Date of meeting or treaty signing (1985 :
Location of meeting Florence, Italy)
245 10 - TITLE STATEMENT
Title Advances in nonlinear dynamics and stochastic processes :
Remainder of title proceedings of the Meeting on NonLinear Dynamics, Florence, 1985 (Arcetri, January 7-8) /
Statement of responsibility, etc. editors, R. Livi, A. Politi.
260 ## - PUBLICATION, DISTRIBUTION, ETC.
Place of publication, distribution, etc. Singapore :
Name of publisher, distributor, etc. World Scientific,
Date of publication, distribution, etc. c1985.
300 ## - PHYSICAL DESCRIPTION
Extent viii, 221 p. :
Other physical details ill. ;
Dimensions 22 cm.
504 ## - BIBLIOGRAPHY, ETC. NOTE
Bibliography, etc. note Includes bibliographical references.
650 #0 - SUBJECT ADDED ENTRY--TOPICAL TERM
Topical term or geographic name entry element Dynamics
General subdivision Congresses.
650 #0 - SUBJECT ADDED ENTRY--TOPICAL TERM
Topical term or geographic name entry element Nonlinear theories
General subdivision Congresses.
650 #0 - SUBJECT ADDED ENTRY--TOPICAL TERM
Topical term or geographic name entry element Stochastic processes
General subdivision Congresses.
650 #0 - SUBJECT ADDED ENTRY--TOPICAL TERM
Topical term or geographic name entry element Nonlinear mechanics
General subdivision Congresses.
700 1# - ADDED ENTRY--PERSONAL NAME
Personal name Livi, Roberto.
700 1# - ADDED ENTRY--PERSONAL NAME
Personal name Politi, A.
907 ## - LOCAL DATA ELEMENT G, LDG (RLIN)
a .b10168928
b 16-05-13
c 20-07-05
942 ## - ADDED ENTRY ELEMENTS (KOHA)
Koha item type Ordinary Loan Books
Call number prefix QC133
Call number suffix ADV
Holdings
Date last seen Total Checkouts Full call number Barcode Cost, replacement price Price effective from Koha item type Lost status Source of classification or shelving scheme Damaged status Not for loan Collection Withdrawn status Home library Current library Shelving location Date acquired Cost, normal purchase price
01/23/2023 1 QC133 ADV 92003015802 80.00 01/23/2023 BOOKS   LCC     NFIC   MAIN MAIN GEN 01/23/2023 80.00